000 00620nam a22002297a 4500
003 UA-OsUOA
001 30481
007 ta
008 20041110b un ||||| |||| 00| 0 ukr d
090 _a821.161.1
_bЛ66
942 _cBK
040 _aUA-OsUOA
_brus
_cUA-OsUOA
_dUA-OsUOA
245 _aЛичное мнение
_bСборник писательской публицистики
_cРед. Г.Марков
300 _a496 с.
955 _a0
041 _arus
080 _a821.161.1
260 _aМосква
_bСоветский писатель
_c1987
044 _aRU
650 7 _2UDC
999 _c316893
_d316893